000 00732nam a22002057a 4500
999 _c6149
_d6149
003 GBCCL
005 20241126110557.0
008 180502b ||||| |||| 00| 0 eng d
040 _cgbc
082 _a275.417
_bZEL
100 _aZeliang, Elungkiebe
_94681
245 _aA history of the Manipur Baptist Convention /
_cElungkiebe Zeliang
260 _aImphal:
_bManipur Baptist Convention,
_c2005
300 _a289 p.;
_bill.,
_c21 cm.
508 _aPublished on the occasion of MBC National Leadership Golden Jubilee Celebration (1955 - 2005)
650 _aManipur Baptist Convention
_xHistory
_911057
650 _aBaptist
_zIndia
_zManipur
_xHistory
_911058
650 _aManipur (India)
_xChurch History
_911059
942 _2ddc
_cBK
_014